El Derecho Administrativo Concepto, Caracters̕ticas, Sistematizacin̤, Prospeccin̤ /

Detalles Bibliográficos
Autor principal: Pantoja Bauz,̀ Rolando
Formato: eBook
Lenguaje:español
Colección:Manuales Jurd̕icos 106
Materias:
Acceso en línea:Acceso restringido

MARC

LEADER 00000nam a22000007a 4500
005 20120323134634.0
007 cr|||| ||||
008 120323s2010 cl |||||s|||| 00||0 spa d
020 |a 978-956-10-1771-9 
035 |a 6204 
040 |d vLex 
090 |c 3077  |d 3077 
100 1 |a Pantoja Bauz,̀ Rolando 
245 1 0 |a El Derecho Administrativo  |h [Recurso electrn̤ico] :  |b Concepto, Caracters̕ticas, Sistematizacin̤, Prospeccin̤ /  |c Rolando Pantoja Bauz̀ 
256 |a Servicio en ln̕ea 
300 |a 1 recurso electrn̤ico 
490 0 |a Manuales Jurd̕icos   |v 106  
500 |a Contenido: Primera parte. La sistematizacin̤ jurd̕ica del concepto y caracters̕ticas del derecho administrativo: El derecho administrativo en cuanto derecho positivo y derecho cientf̕ico; El derecho administrativo en cuanto disciplina reguladora de la administracin̤ pb︢lica; Las caracters̕ticas del derecho administrativo. Segunda parte. La prospeccin̤ jurd̕ica del concepto y caracters̕ticas del derecho administrativo, de acuerdo con su evolucin̤ en el tiempo: Anl̀isis prospectivo del concepto y caracters̕ticas del derecho administrativo. 
506 1 |a Contenido solo disponible en los productos indicados  |d vLex Global   |d vLex Global (Academic Edition, excluding Law Schools)   |d vLex Global (U.S. Academic Edition, Law Schools)   |d vLex Global (U.S. Academic Edition, excluding Law Schools)   |d vLex Global (Academic Edition, Law Schools)  
650 0 4 |a Derecho administrativo  |z Chile 
740 0 |a vLex Libros (Servicio en ln̕ea) 
856 4 0 |u http://vlex.com/source/derecho-administrativo-concepto-caracteristicas-sistematizacion-prospeccion-6204  |z Acceso restringido 
942 |c BOOK 
999 0 |a Administrative law